00454nam a2200181Ia 4500008004100000020001800041050001400059100002000073245003900093245004100132260001500173260001600188260000900204300001400213300002700227300001000254500000800264170918s9999 xx 000 0 und d a9780590303842 bM135 1978 aMcdonald, Megan aCloudy with a chance a meatballs / cJudi Barrett ; drawn by Ron Barrett. aNew York : bScholastic, c1978 aunpaged : bcolored illustration ; c22cm. a500